Country Trivia #2 - Statistics

General Stats
  • This quiz has been taken 17 times
  • The average score is 8 of 15
Answer Stats
Hint Answer % Correct
This country is the only to start with the letter O Oman
94%
This country is the only to start with the letter Y Yemen
94%
This country shares the shortest border in the world with Morocco Spain
82%
This country is techniquely the largest country to border France because of oversea territories Brazil
76%
This country has the most lakes in the world Canada
71%
This country is the smallest in Central America El Salvador
59%
The most Buddha temples are located in this country Myanmar
59%
This country has the longest coastline in Africa Somalia
59%
This country was the first to give women the right to vote in 1893 New Zealand
53%
This middle-eastern country is the only not to have a single river located in the country Saudi Arabia
47%
This country, located in Asia, is one of two double-landlockedcountries in the whole entire world Uzbekistan
47%
This archepelago contains the micro-states of Brunei and Singapore within it Malaysia
41%
This country was the most recent of Britian's territories to become independent, breaking away in 1984 Brunei
6%
This country has the lowest life expectancies in the world Zimbabwe
6%
This country, located in Europe, is the second of two double-landlocked countries in the whole entire world Leichtenstein
0%
No matching quizzes found
Score Distribution
Percent of People with Each Score
Percentile by Number Answered
Your Score History
You have not taken this quiz